00807nam a2200265 a 4500008004100000020003000041040001500071100003000086245004400116250002000160260004500180300006400225336002600289337002800315338002700343500002000370650002400390650001800414650002100432650002100453650002500474650002400499003000100523005001700524  a9780323401517 (paperback) aNUSTcNUST1 aClaywell, Lora.,aauthor.10aLPN to RN transitions/c Lora Claywell. aFourth edition. aSt. Louis, Missouri :bElsevier, c2018. axvi, 340 pages :billustrations (chiefily colour) ;c23 cm. atextbtxt2rdacontent aunmediatedbn2rdamedia avolumebnc2rdacarrier aIncludes index. 1aEducation, Nursing. aNurse's role. aNursing process. aCareer mobility. aVocational guidance. aNursing, Practical.20230120204356.0